000 00442nam a2200193Ia 4500
005 20240913125256.0
008 240913s9999||||xx |||||||||||||| ||und||
020 _a0-07-11894-5
041 _aENGLISH
082 _A621.388 P1
100 _aSymes,Peter
245 0 _aVideo Compression Demystified
250 _a1st
260 _c2001
_bMGH,B
500 _aREFERENCE
650 _aVideo
_bElectronics
942 _cREF
999 _c245200
_d245200